| 000 | 00798nam a2200217 a 4500 | ||
|---|---|---|---|
| 999 |
_c3507 _d3507 |
||
| 001 | 3507 | ||
| 003 | BD-JhCC | ||
| 005 | 20171114131655.0 | ||
| 008 | 171113s1987 bg |||| |||| 000 0 ben d | ||
| 035 | _a(BD-JhCC) 3507 | ||
| 040 |
_aBD-JhCC _dBD-JhCC |
||
| 041 | _aben | ||
| 082 |
_a822.33 _bIDR 1987 |
||
| 100 | _aস্ট্রিণ্ডবার্গ, অগাস্ট | ||
| 245 |
_aস্ট্রিণ্ডবার্গের সাতটি নাটক / _cঅগাস্ট স্ট্রিণ্ডবার্গ; কাজী মোহাম্মদ ইদরিস (অনু.) |
||
| 260 |
_aঢাকা : _bবাংলা একাডেমী, _c1987. |
||
| 300 |
_a418 পৃ. : _c22 সেমি. |
||
| 650 | _aEnglish Drama | ||
| 942 |
_2ddc _cBK |
||